|
|
|
|
| LEADER |
00000nas a22000001a 4500 |
| 001 |
vtls010300400 |
| 003 |
SK-MaSNL |
| 005 |
20260228163334.0 |
| 008 |
110810d19421943xo uu p r 0 b0slo |
| 015 |
|
|
|a SNBDS17XX9999
|
| 015 |
|
|
|a 0469
|2 Fedor 1939-44
|
| 038 |
|
|
|a SNKBUDS
|
| 040 |
|
|
|a SNK
|b slo
|c SNK
|e AACR2
|
| 041 |
0 |
|
|a slo
|
| 044 |
|
|
|a xo
|c SK
|
| 245 |
0 |
0 |
|a Sborník Slovenského národného múzea
|b orgán odborov SNM
|
| 260 |
|
|
|a Martin
|b Muzeálna slovenská spoločnosť
|c 1942-1943
|
| 300 |
|
|
|a 1 roč.
|c 25 x 17 cm
|
| 310 |
|
|
|a Periodicita nie je známa
|
| 362 |
0 |
|
|a Roč. XXXVI-XXXVII (1942-1943)
|
| 500 |
|
|
|a Vych. v Martine
|
| 500 |
|
|
|a Red. Pavol Florek
|
| 500 |
|
|
|a Vyd. Muzeálna slovenská spoločnosť
|
| 500 |
|
|
|a Tlač. Kníhtlač. úč. spol.
|
| 505 |
8 |
0 |
|g Roč. XXXVI-XXXVII. 1942-43 332 s.
|
| 520 |
|
|
|a Vedecký muzeálno-historický časopis, orgán odborov SNM: historického, národopisného a prírodovedného. Dvojročník 1942-43 je venovaný 50-ročnému jubileu Muzeálnej slovenskej spoločnosti
|
| 580 |
|
|
|a Je pokračovaním a pokračoval pod názvom Sborník Muzeálnej slovenskej spoločnosti
|
| 610 |
2 |
7 |
|a Muzeálna slovenská spoločnosť
|2 SNKBUDS
|9 273724
|
| 650 |
0 |
7 |
|a múzejníctvo
|2 SNKPH
|9 20819
|
| 650 |
0 |
7 |
|a dejiny
|2 SNKPH
|9 3825
|
| 650 |
0 |
7 |
|a prírodné vedy
|2 SNKPH
|9 694
|
| 650 |
0 |
7 |
|a etnografia
|2 SNKPH
|9 950
|
| 655 |
|
7 |
|a vedecké časopisy
|2 SNKBUDS
|9 70520
|
| 655 |
|
7 |
|a muzeologické časopisy
|2 SNKBUDS
|9 269626
|
| 700 |
1 |
|
|a Florek, Pavol,
|d 1895-1963
|4 red
|9 89063
|
| 710 |
2 |
|
|a Muzeálna slovenská spoločnosť (Martin, Slovensko)
|9 33033
|
| 710 |
2 |
|
|a Kníhtlačiarsky účastinársky spolok (Martin, Slovensko)
|9 93127
|
| 780 |
0 |
0 |
|t Sborník Muzeálnej slovenskej spoločnosti
|
| 785 |
0 |
8 |
|t Sborník Muzeálnej slovenskej spoločnosti
|
| 852 |
|
|
|a SNK
|b 10000
|h ČSC 5
|
| 852 |
|
|
|a UKB
|b 300000
|h SD 19
|
| 910 |
|
|
|a snmk
|
| 999 |
|
|
|c 9271
|d 11201
|